000 00304nam a22001337a 4500
008 170802b xxu||||| |||| 00| 0 eng d
020 _a3540098658
041 _aeng
080 _a004
100 _a32
101 _aSHK
245 _aKOMMUNIKATION IN VERTEILTEN SYSTEMEN
_cSCHINDLER,S
942 _2udc
_cBK
999 _c22530
_d22530